000 00472nam a2200169Ia 4500
005 20240913094726.0
008 240126s9999 xx 000 0 und d
020 _a9789353062835
082 _a658.4012 DAV;1 R
100 _aDavid, Fred R. David, Forest R. Kansal, Purva.
245 0 _aStrategic management concepts : a competitive advantage approach
250 _a16th ed.
260 _bPearson
_aNoida
300 _axxviii, 435
440 _aNULL
942 _cPU
999 _c293877
_d293877